000 00745nam a2200241 i 4500
001 13862
003 ES-MaACL
005 20250927102454.0
007 t|
008 980714s1981 fr ||||1| fre d
020 _a2-7073-0029-2
080 _a77.01
245 0 3 _aUn art moyen
_b: essai sur les usages sociaux de la photographie /
_cPierre Bourdieu... [et al.].
250 _a2e ed.
260 _aParis :
_bLes Editions de Minuit,
_c1981.
300 _a360 p., [8] p. de lám. ;
_c22 cm.
490 1 _aLe sens commun
650 1 4 _aFotografía-
_xFilosofía
_912953
700 1 _aBourdieu, Pierre,
_d1930-2002
_930964
830 0 _aLe sens commun
_9177400
852 _aES-MaACL
_jL-21216
_bR.113316
999 _c13862
_d13862